ڈ ا کٹر عبد ا لقا د ر فا ر و قی :منظر پس منظر ،ا د ب کے حو ا لے سے (Record no. 175748)

MARC details
000 -LEADER
fixed length control field 00797nam a22001937a 4500
005 - DATE AND TIME OF LATEST TRANSACTION
control field 20200924124458.0
010 ## - LCCN (DPL NO)
LC control number UR-10871
020 ## - INTERNATIONAL STANDARD BOOK NUMBER
Terms of availability 150.00
International Standard Book Number 9789390100002
035 ## - SYSTEM CONTROL NUMBER
System control number U-9426
037 ## - SOURCE OF ACQUISITION
Source of stock number/acquisition DBAD/PUB
082 ## - DEWEY DECIMAL CLASSIFICATION NUMBER
Classification number 840.08
100 ## - MAIN ENTRY--PERSONAL NAME
Personal name نز ير فتح پو ر ی
245 ## - TITLE STATEMENT
Title ڈ ا کٹر عبد ا لقا د ر فا ر و قی :منظر پس منظر ،ا د ب کے حو ا لے سے
Statement of responsibility, etc نز ير فتح پو ر ی
246 ## - VARYING FORM OF TITLE
Remainder of title Dr. Abdul Qadir Farooqui Manzar Pas Manzar Adab Ke Hawale Se (Urdu)
Title proper/short title by Dr.Nazir Fatehpuri
260 ## - PUBLICATION, DISTRIBUTION, ETC. (IMPRINT)
Place of publication, distribution, etc N.Delhi
Name of publisher, distributor, etc Educational Publishing House
Date of publication, distribution, etc 2020 ء
270 ## - ADDRESS
Address H.O.D1/16,Ansari Road,Darya ganj,
City N.Delhi
Postal code 110002
Telephone number 45678285,23216162
Fax number 0091-11-23211540
300 ## - PHYSICAL DESCRIPTION
Extent 112 ص
Dimensions 22 Cm(Hb)
942 ## - ADDED ENTRY ELEMENTS (KOHA)
Source of classification or shelving scheme Dewey Decimal Classification
Item type Urdu Bks
Classification part 840.08
Call number suffix ن ظ ی
Holdings
Withdrawn status Lost status Not for loan Collection code Home library Current library Date acquired Source of acquisition Cost, normal purchase price Full call number Barcode Copy number Cost, replacement price Koha item type
      Non-fiction D.B.Act.Division D.B.Act.Division 24/09/2020 DBAD/PUB 150.00 840.08 ن ظ ی U-9426 1 150.00 Urdu Bks

© Delhi Public Library
Hit Counter
free hit counter